[Event "Prague Festival Open 2019"]
[Site "Prague"]
[Date "2019.03.10"]
[Round "3.6"]
[White "Kramer, Julian"]
[Black "Kriebel, Tadeas"]
[Result "1/2-1/2"]
[WhiteElo "2380"]
[BlackElo "2507"]
[Annotator "TA"]
[PlyCount "148"]
[EventDate "2019.02.28"]
[EventType "tourn"]
[EventCountry "CZE"]
[SourceTitle "playchess.com"]
[Source "ChessBase"]
[SourceQuality "1"]

{[%evp 10,148,35,26,31,22,43,24,29,26,27,0,0,0,0,0,0,0,14,-45,-33,-42,-46,-48,-12,-27,2,8,9,8,14,19,28,29,77,91,133,127,115,118,116,112,203,197,200,172,232,180,178,174,170,180,181,164,166,165,192,187,227,223,218,197,272,235,230,227,208,205,191,30,30,30,30,30,30,30,30,30,30,30,30,30,30,30,30,30,30,30,30,30,30,30,30,30,30,19,19,19,19,19,19,19,19,0,19,19,19,19,19,19,20,19,19,19,19,19,20,19,20,19,19,19,28,8,154,147,148,148,144,40,135,40,44,8,8,8,8,8,95,8,8]} 1. e4 e5 2. Nf3 Nc6 3. Bc4 Nf6 4. d3 h6 5. O-O d6 6. c3 g5 {C55: Two Knights: 4 d3, 4 d4 exd4 5 e5 and Max Lange Attack} 7. Re1 (7. Nbd2 Bg7 8. Bb3 O-O 9. Nc4 d5 10. Ncxe5 dxe4 11. dxe4 Nxe5 12. Nxe5 Qxd1 13. Rxd1 Nxe4 14. Nd3 {½-½ (34) Giri,A (2783)-Matlakov,M (2700) St Petersburg 2018}) 7... Bg7 8. d4 O-O {White has an edge.} 9. dxe5 dxe5 10. Qxd8 (10. Nfd2 {feels hotter.} a6 11. a4 g4 12. Qe2 Nh5 13. g3) 10... Rxd8 11. h3 $146 ({Predecessor:} 11. b4 a6 12. Nbd2 Ne8 13. a4 Nd6 14. Ba2 {1-0 (63) Popov,I (2599)-Triapishko,A (2500) Sochi 2017}) 11... a6 12. Na3 {[%cal Bb1a3,Ba3c2,Bc2e3,Be3c4,Bc4e5][%mdl 32]} b5 13. Bf1 Rb8 14. h4 (14. Nc2 $11) 14... g4 $15 15. Nd2 Bf8 16. g3 Na5 17. Nc2 c5 18. a4 {Threatening axb5.} b4 19. Ne3 Bb7 20. Nec4 Nc6 21. a5 Na7 22. Nxe5 {And now Bc4 would win.} Re8 23. Nec4 Nb5 24. e5 bxc3 25. bxc3 Nxc3 (25... Nd5 $16) 26. Bb2 $18 Nfd5 27. Nd6 Red8 (27... Re6 {was worth a try.} 28. Bc4 Bxd6 29. exd6 Rd8 30. Rxe6 fxe6) 28. Nxb7 Rxb7 29. Bxc3 Nxc3 30. Ne4 $1 {[%cal Re4c3]} Nxe4 31. Rxe4 Rb4 32. Bc4 $1 h5 33. Rf4 Bh6 34. Bxf7+ {[%mdl 64] Double Attack} Kg7 35. Rf5 $1 {Hoping for e6.} Re4 (35... c4 $142) 36. e6 ({Much less strong is} 36. Rxh5 $6 Bd2 $18) (36. Bxh5 $6 Rf8 $18) 36... c4 37. e7 (37. Rxh5 Rd2 $14) 37... Rxe7 38. Bxc4 ({Worse is} 38. Bxh5 Rc7 $11) 38... Kg6 39. Rd5 $2 (39. Rc5 $18) 39... Rxd5 $11 40. Bxd5 {[%mdl 4096] Endgame KRB-KRB} Bd2 41. Ra2 Bc3 42. Bc4 Re5 43. Bd3+ Kf6 44. Rc2 Bxa5 45. Rc6+ Kg7 46. Rg6+ Kf7 47. Rxa6 Bc3 48. Kg2 Bd4 49. Ra4 Bc3 50. Be4 Kf6 51. Rc4 Ba5 52. f3 gxf3+ 53. Kxf3 Rb5 54. Rc6+ Kg7 55. Kg2 Re5 56. Kf3 Bd2 57. Rc7+ Kf6 58. Rc2 Bb4 59. Rc6+ Kg7 60. Kf4 Rc5 61. Re6 Bd2+ 62. Kf3 Kf7 63. Rd6 Bb4 64. Bg6+ Kg7 {White must now prevent ...Rc3+.} 65. Re6 Rc3+ 66. Kf4 Ba3 (66... Ba5 $11) 67. Bxh5 $16 Bc1+ 68. Kg4 Be3 69. Re7+ (69. Kf3 $16 Ba7+ 70. Kg2) 69... Kg8 {[#]} (69... Kh6 $1 $14) 70. Rf7 (70. Re8+ $1 $16 Kg7 71. Re7+ Kf6 72. Rf7+ Ke6 73. Rg7) 70... Bb6 $14 71. Rf3 Rxf3 72. Kxf3 Bd8 73. Kg4 Kg7 {[#]} (73... Bc7 $1 $11 {remains equal.}) 74. Kf5 (74. Kh3 $1 $16) 74... Bxh4 {Accuracy: White = 57%, Black = 51%.} 1/2-1/2

[Event "Prague Festival Open 2019"]
[Site "Prague"]
[Date "2019.03.11"]
[Round "4.1"]
[White "Stefansson, Hannes"]
[Black "Bakhmatsky, Vladislav"]
[Result "1-0"]
[WhiteElo "2523"]
[BlackElo "2419"]
[Annotator "TA"]
[PlyCount "93"]
[EventDate "2019.02.28"]
[EventType "tourn"]
[EventCountry "CZE"]
[SourceTitle "playchess.com"]
[Source "ChessBase"]
[SourceQuality "1"]

{[%evp 17,93,23,36,34,31,31,35,32,43,33,30,36,33,35,44,43,46,13,20,20,19,14,27,0,0,0,0,0,25,24,16,0,87,81,133,141,137,118,191,191,190,195,194,194,270,268,251,194,218,218,250,250,249,249,277,270,331,326,347,308,443,437,520,533,540,522,531,529,529,529,529,502,718,714,708,702,729,722]} 1. d4 Nf6 2. c4 g6 3. g3 Bg7 4. Bg2 O-O 5. Nc3 d6 6. Nf3 Nc6 7. O-O a6 8. Re1 Rb8 9. Rb1 Bf5 10. e4 {E63: King's Indian: Fianchetto: Panno Variation with 7...a6} Bg4 11. Be3 Nd7 12. Qd2 {White is slightly better.} e5 {Strongly threatening ...Bxf3.} 13. d5 Bxf3 14. Bxf3 ({Don't play} 14. dxc6 Bxg2 15. Kxg2 bxc6 $15) 14... Nd4 15. Bg2 c5 16. dxc6 bxc6 17. b4 {[#]} Qc7 $146 ({Predecessor:} 17... Nb6) 18. Rec1 Rb7 19. a3 Rfb8 20. Qa2 Qd8 21. Bf1 Qe7 22. Rb2 Nc5 23. Rcb1 Nce6 24. b5 Nc5 {[#]} (24... Qc7 $11 {keeps the balance.}) 25. a4 $1 $16 {[%cal Ba3a4,Ba4a5][%mdl 32]} Qe6 (25... Ra8 $142) 26. bxa6 Rxb2 27. Rxb2 Nxa6 (27... Rf8 $16) 28. Rxb8+ $18 Nxb8 29. a5 Na6 {[#]} 30. c5 $1 {[%mdl 512]} Qxa2 (30... Nxc5 {was called for.} 31. a6 Qxa2 32. Nxa2 Nxa6) 31. Nxa2 Nxc5 32. a6 {Threatens to win with a7.} Nxa6 33. Bxa6 Ne6 34. Nb4 c5 35. Nd5 Bf8 36. Kf1 Kg7 37. Ke2 f6 38. Kd3 Nd8 (38... Kf7 $142 39. Bc4 Kg7) 39. Nc7 {White is clearly winning.} Kf7 40. Bc4+ Ke7 41. Bg8 Bg7 42. Nd5+ Kf8 43. Bxh7 Kf7 44. f4 f5 45. exf5 gxf5 46. Bxf5 Nc6 47. h4 {Accuracy: White = 89%, Black = 49%.} 1-0

[Event "Prague Festival Open 2019"]
[Site "Prague"]
[Date "2019.03.11"]
[Round "4.2"]
[White "Gasanov, Eldar"]
[Black "Kozusek, Daniel"]
[Result "1-0"]
[WhiteElo "2500"]
[BlackElo "2350"]
[Annotator "TA"]
[PlyCount "67"]
[EventDate "2019.02.28"]
[EventType "tourn"]
[EventCountry "CZE"]
[SourceTitle "playchess.com"]
[Source "ChessBase"]
[SourceQuality "1"]

{[%evp 9,67,-12,21,22,37,23,62,49,75,67,75,62,65,62,86,91,82,72,82,75,86,80,113,94,87,65,66,59,72,65,83,80,142,135,141,119,118,118,118,116,110,102,134,141,198,197,194,190,193,191,344,341,29984,29985,29985,29986,29994,29995,29995,29996]} 1. e4 e6 2. d3 d5 3. Qe2 Nf6 4. Nf3 c5 5. g3 b5 (5... Be7 6. Bg2 O-O 7. O-O Nc6 8. e5 Nd7 9. c4 b5 10. Na3 bxc4 11. dxc4 Ba6 12. Rd1 Qa5 13. Bd2 Nb4 14. Qe1 Rfe8 15. cxd5 exd5 16. Bxb4 cxb4 17. Nc2 Rac8 18. e6 Nb6 19. exf7+ Kxf7 20. Bh3 Bd6 21. Be6+ Kf6 22. Ncd4 Rc7 23. Qe3 h6 24. Nh4 {1-0 (24) Amin,B (2700)-Mareco,S (2645) Sharjah 2018}) 6. exd5 {C00: French: Unusual White 2nd moves} Nxd5 7. c4 bxc4 8. dxc4 {White is slightly better.} Nf6 9. Bg2 Bb7 10. O-O Nbd7 $146 ({Predecessor:} 10... Nc6 11. Rd1 Qc8 12. Nc3 Be7 {½-½ (32) Martinez Ramirez,E (2301)-Gonzalez Rodriguez,J (2436) Barcelona 2011}) 11. Nc3 a6 12. Rd1 Be7 13. Bg5 Qb6 14. Rd3 Bc6 15. Rad1 Ra7 16. Nh4 Bxg2 17. Kxg2 h6 18. Bc1 O-O 19. b3 Qc6+ 20. Kg1 Raa8 {[#]} ({Black should play} 20... Qc8) 21. Nf5 $1 $16 {[%mdl 512]} Rfe8 (21... exf5 22. Qxe7) 22. Nxe7+ Rxe7 23. Rd6 Qb7 24. Bf4 Rc8 25. R1d2 Kh8 26. g4 Ree8 (26... Nf8 $16) 27. h4 $18 {aiming for g5.} Nf8 28. g5 hxg5 29. hxg5 N6d7 $2 (29... N6h7 30. Ne4 Kg8) 30. Ne4 {Rxd7! is the strong threat.} f5 $2 {[#]} (30... Kg8 $18 31. R6d3 Qc6) 31. Rxd7 $1 {[%mdl 576] Clearance. White mates.} Nxd7 (31... Qxd7 32. Qh5+) 32. Nd6 {[%mdl 64] Double Attack} Qc6 33. Qh5+ {[%mdl 64] Double Attack} Kg8 34. Qf7+ {Accuracy: White = 81%, Black = 35%.} 1-0

[Event "Prague Festival Open 2019"]
[Site "Prague"]
[Date "2019.03.11"]
[Round "4.3"]
[White "Dong, Bao Nghia"]
[Black "Cernousek, Lukas"]
[Result "1/2-1/2"]
[WhiteElo "2180"]
[BlackElo "2429"]
[Annotator "TA"]
[PlyCount "107"]
[EventDate "2019.02.28"]
[EventType "tourn"]
[EventCountry "CZE"]
[SourceTitle "playchess.com"]
[Source "ChessBase"]
[SourceQuality "1"]

{[%evp 11,107,0,-3,-6,0,0,0,0,0,0,0,-6,-11,-24,-25,-24,-24,-14,-26,-40,-47,-77,-41,-69,0,0,0,0,0,0,2,2,0,0,76,75,72,64,60,77,67,60,79,80,93,93,93,91,93,93,93,93,95,93,93,89,93,93,86,85,86,86,86,79,86,72,105,105,105,98,114,112,119,112,112,112,111,111,100,86,86,72,72,72,70,68,100,76,253,244,509,357,370,12,12,12,12,12]} 1. d4 Nf6 2. Nf3 g6 3. h3 Bg7 4. Bf4 O-O 5. e3 d6 6. Bc4 b6 7. a4 {A48: 1 d4 Nf6 2 Nf3 g6: Torre, London and Colle Systems} (7. O-O Bb7 8. Nbd2 c5 9. c3 Nc6 10. Qe2 a6 11. a4 Qc7 12. Rfd1 Na5 13. Ba2 cxd4 14. exd4 Nd5 {1-0 (46) Pourramezanali,A (2522)-Evdokimov,A (2495) Mersin 2016}) 7... a6 8. O-O Bb7 9. Nbd2 Nbd7 {[%cal Bb8d7,Bd7b6,Bb6c4][%mdl 32]} 10. Bh2 Qe8 11. b4 $146 ({Predecessor:} 11. Re1 e5 12. dxe5 Nxe5 13. Nxe5 dxe5 14. c3 {½-½ (49) Saligo,P (1912)-Stuemer,P (2135) Gent 2011}) 11... e5 12. Ra3 e4 13. Ne1 $1 {[#]} b5 $1 {[%mdl 512]} 14. axb5 Nb6 15. bxa6 Nxc4 16. axb7 Rxa3 17. Nxc4 Rc3 {[#]} (17... Ra2 $15 18. Nxd6 Qa4) 18. Nxd6 $1 $11 {[%mdl 512]} cxd6 19. Bxd6 Qb5 20. Qa1 $1 {[%cal Ra1c3]} Rc6 $1 $132 {[%cal Rc6d6][%mdl 2048] Black is fighting back} 21. Bxf8 Bxf8 22. d5 Nxd5 (22... Rd6 $11) 23. Qa8 $16 Rb6 {[#]} 24. c4 $1 {[%cal Rc4b5][%mdl 576] Double Attack} Qxb4 {Strongly threatening ...Nc3.} (24... Qxc4 25. b8=Q) 25. cxd5 {Threatens to win with Nc2.} Rxb7 26. Nc2 Qb3 27. d6 $1 {Hoping for Nd4.} Rd7 28. Qxe4 Rxd6 29. Nd4 Qd5 30. Qxd5 Rxd5 {[%mdl 4096] Endgame KRB-KRN} 31. Ra1 Rd7 32. Ra8 h5 33. g4 hxg4 34. hxg4 Kg7 35. Rc8 Bd6 36. Kg2 Be5 37. Nf3 Bf6 38. g5 Bb2 39. Rc2 Ba1 40. Nh2 Re7 41. Ng4 f6 42. gxf6+ Bxf6 43. Rc6 Bb2 44. f4 Rb7 45. e4 Rb4 46. Rc7+ Kf8 47. Kf3 Rb3+ 48. Ke2 Bd4 49. e5 Rg3 $2 {[#]} (49... Rb5 $16 50. Nf6 Ra5 51. Nh7+ Kg8) 50. Nf6 $1 $18 g5 $2 (50... Ra3 51. Rc6 Kg7) 51. Rc4 Ba1 {[#] intending ...gxf4.} 52. Rc8+ $2 (52. Nh7+ $1 $18 Ke7 53. Nxg5) 52... Kf7 $11 53. Ne4 $1 {[%csl LRg3,LRg5]} gxf4 {aiming for ...Re3+.} 54. Nxg3 {Accuracy: White = 58%, Black = 55%.} 1/2-1/2

[Event "Prague Festival Open 2019"]
[Site "Prague"]
[Date "2019.03.11"]
[Round "4.4"]
[White "Nguyen, Piotr"]
[Black "Martin Duque, Jesus"]
[Result "1/2-1/2"]
[WhiteElo "2419"]
[BlackElo "2347"]
[Annotator "TA"]
[PlyCount "202"]
[EventDate "2019.02.28"]
[EventType "tourn"]
[EventCountry "CZE"]
[SourceTitle "playchess.com"]
[Source "ChessBase"]
[SourceQuality "1"]

{[%evp 11,202,1,15,17,26,19,24,20,19,-7,0,-5,0,-14,0,-13,-6,-24,-8,-41,-6,-22,-23,-18,-16,-45,-33,-39,-27,-13,-14,-60,-49,-54,-54,-54,-39,-51,-21,-30,-29,-47,-41,-57,-23,-25,-26,-33,-25,-25,0,-25,-25,-25,-20,-25,-19,-25,13,-16,13,0,27,0,0,0,0,0,5,0,0,-120,-72,-265,-145,-142,-96,-133,-107,-121,-110,-189,-187,-179,-186,-184,-182,-227,-225,-183,-175,-274,-23,-16,-24,-68,-14,-12,-10,-8,0,0,9,10,8,-47,-34,-83,-63,-79,-67,-33,0,0,0,0,4,0,4,0,0,2,31,35,20,12,12,12,52,52,52,50,49,33,33,13,33,13,20,20,20,23,31,12,13,12,20,8,9,11,10,8,8,8,20,20,20,9,13,13,20,20,20,20,20,20,20,20,20,20,20,0,8,0,20,6,8,8,8,7,8,8,8,8,8,0,0,0,8,8,8,8,8]} 1. d4 Nf6 2. Nf3 d5 3. Bf4 c5 4. e3 Nc6 5. Nbd2 e6 6. c3 cxd4 7. exd4 {D02: 1 d4 d5 2 Nf3 sidelines, including 2...Nf6 3 g3 and 2...Nf6 3 Bf4} Nh5 8. Be3 Bd6 9. Ne5 {White has an edge.} (9. Bd3 Nf4 10. Bxf4 Bxf4 11. g3 Bd6 12. O-O O-O 13. Re1 Bd7 14. h4 h6 {1-0 (44) Caruana,F (2822)-Aronian,L (2767) chess.com INT 2018}) 9... g6 10. Be2 (10. Ndf3 {seems wilder.} f6 11. Ng4 Ng7 12. Bd2 Nf5 13. Be2) 10... Ng7 $1 11. f4 f6 12. Nd3 O-O 13. O-O b6 14. Qa4 $146 ({Predecessor:} 14. a4 a5 {1-0 (35) Milanovic,D (2494)-Lobanov,S (2526) Skopje 2018}) 14... Qd7 15. Bg4 Qb7 16. Rae1 Bd7 17. Qc2 Rac8 18. Nb3 a5 19. a3 Ne7 {[%cal Bc6e7,Be7f5,Bf5d6,Bd6c4][%mdl 32]} 20. g3 Nef5 21. Nbc1 Bb8 22. Nf2 Bb5 23. Ncd3 Qa6 24. Qd1 Nd6 25. Be2 Qb7 26. Bc1 Qd7 27. Bf3 Bc4 28. a4 Ba6 29. Qb3 Nc4 30. Re2 Bb7 31. Rfe1 Bc6 32. Qd1 Nd6 33. b3 Bb7 34. Bb2 Ba7 35. Bg2 Kh8 36. Qa1 Rfe8 37. Ba3 Bb8 38. Ng4 Nh5 39. Ndf2 Ba6 40. Rc2 Nf5 41. Rec1 (41. Qc1 $11) 41... Qd8 42. Nd1 $2 {[#]} (42. b4 $17) 42... Nhxg3 $1 {[%mdl 512]} 43. hxg3 $17 h5 44. Nge3 Nxg3 45. c4 Bxf4 46. Qb2 (46. Qc3 $17 {was called for.}) 46... f5 $19 47. Rf2 Qg5 48. Rxf4 Qxf4 49. Qf2 Qxf2+ 50. Kxf2 f4 51. Kf3 (51. Nc3 {keeps fighting.}) 51... fxe3 $2 (51... Kg7 $19 52. Kxf4 Ne2+ {[%mdl 64] Double Attack} 53. Kg5 Nxc1 54. Bxc1 dxc4) 52. Kxg3 $11 e2 53. Nc3 $1 dxc4 ({Black should try} 53... Kh7 $15 54. Bf3 Red8) 54. b4 axb4 55. Bxb4 Kh7 56. Ne4 Rf8 57. Bxf8 Rxf8 58. Bf3 (58. Nc3 $1 $11) 58... Bb7 $15 59. Ng5+ {[%mdl 64] Discovered Attack} Kh6 60. Re1 $1 Kxg5 61. Bxb7 $17 {[%mdl 4096] Endgame KRB-KR} Rf4 62. Rxe2 Rxd4 63. Rxe6 Rd3+ 64. Kf2 Ra3 65. Bc6 c3 66. Be8 c2 67. Rxg6+ Kf4 68. Rf6+ {[%mdl 64] Discovered Attack} Kg5 69. Rc6 Rxa4 (69... Ra2 {keeps more tension.} 70. Ke3 h4 71. Bf7 Ra3+ 72. Kf2 Rxa4 73. Bb3 Rf4+) 70. Rxc2 Rb4 71. Rd2 h4 72. Kg2 Kf4 73. Kh3 Ke3 74. Rd8 (74. Rd5 {seems wilder.} Kf3 75. Bb5 Ke4 76. Bc6 Ke3 77. Bd7) 74... Rd4 75. Rb8 (75. Ra8 {is interesting.} Rb4 76. Rb8 Kd3 77. Rd8+ Kc4 78. Kxh4 b5 79. Kg3) 75... Rb4 76. Bd7 Kd2 77. Bg4 Rb3+ {The position is equal.} 78. Kxh4 b5 79. Kg5 b4 80. Kf4 Kc3 81. Bf5 Ra3 82. Ke3 Ra7 83. Rc8+ Kb2 84. Kd3 {Rb8 is the strong threat.} Ra3+ 85. Kd4 {Strongly threatening Rc2+.} Rg3 86. Rb8 b3 87. Kc4 {And now Kb4 would win.} Rc3+ 88. Kb4 Rf3 $1 {[%cal Rf3f5]} 89. Be6 {Threatens to win with Rh8.} Rf4+ $1 90. Kc5 Rf3 91. Kb4 {Hoping for Rh8.} Rf4+ $1 92. Kc5 Rf3 93. Kd4 {aiming for Bd5.} Kc2 94. Rc8+ Kd2 95. Rh8 Rf4+ 96. Ke5 b2 97. Rb8 Kc1 $1 98. Rc8+ Kd2 {White must now prevent ...Rf1.} 99. Rb8 Kc1 $1 100. Kxf4 {White threatens Bf5 and mate.} b1=Q 101. Rxb1+ Kxb1 {Accuracy: White = 48%, Black = 54%.} 1/2-1/2

[Event "Prague Festival Open 2019"]
[Site "Prague"]
[Date "2019.03.11"]
[Round "4.5"]
[White "Lavrov, Maxim"]
[Black "Van den Doel, Erik"]
[Result "1/2-1/2"]
[WhiteElo "2387"]
[BlackElo "2610"]
[Annotator "TA"]
[PlyCount "56"]
[EventDate "2019.02.28"]
[EventType "tourn"]
[EventCountry "CZE"]
[SourceTitle "playchess.com"]
[Source "ChessBase"]
[SourceQuality "1"]

{[%evp 9,56,15,26,-12,-10,-27,0,-13,-2,-20,11,-3,9,-37,-29,-45,-35,-30,-21,-39,0,25,7,0,0,0,0,3,0,3,21,20,27,-48,-44,-68,-51,-45,382,-18,112,0,89,0,0,0,0,0,0]} 1. e4 e5 2. Nf3 Nc6 3. Bc4 Bc5 4. d3 Nf6 5. c3 O-O 6. Bb3 {C54: Giuoco Piano: 4 c3 Nf6, main lines with 5 d4 and 5 d3} (6. O-O d6 7. Re1 h6 8. Nbd2 a6 9. a4 a5 10. Nf1 Be6 11. b3 d5 12. exd5 Nxd5 13. Bd2 Bd6 14. Ng3 Re8 15. Qc2 {½-½ (145) Anand,V (2773)-So,W (2765) Kolkata 2018}) 6... d5 7. Qe2 d4 8. O-O Rb8 $146 ({Predecessor:} 8... Bg4 9. h3 Bh5 10. Nbd2 Qe7 11. c4 h6 12. Rd1 Nh7 13. Nf1 Bg6 {1-0 (47) Sieber,F (1942)-Zahn,A (2024) Erfurt 2014}) 9. Bg5 Be7 10. h3 h6 11. Bh4 Nh5 $1 {[%cal Rh5f4]} 12. Bg3 Nxg3 13. fxg3 Bf6 14. Nbd2 Na5 (14... dxc3 $15 15. bxc3 b5) 15. cxd4 $11 exd4 16. Rac1 Nxb3 17. Nxb3 b6 18. e5 Bg5 $1 {[%cal Rg5c1]} 19. Nxg5 hxg5 20. Nd2 $36 {[%mdl 2048] Black is under pressure.} Qe7 21. Ne4 (21. Rce1 $11) 21... Qxe5 $15 22. Qh5 Ba6 23. Rce1 Qa5 $2 {[%mdl 8192]} (23... Qd5 $1 $15 {stays ahead.} 24. Qf3 Rbd8) 24. b4 $2 (24. Rd1 $1 $18 Qe5 25. Nxg5 Qe3+ 26. Kh2 Bxd3 27. Nxf7) 24... Qxb4 (24... Qd5 $1 $11 25. Rf4 Bb7) 25. Qxg5 ({White must play} 25. Nxg5 $16 {[%csl Gg5][%cal Rh5h7]} Bxd3 26. Nxf7) 25... f5 {[#]} (25... f6 $1 $11 {keeps the balance.} 26. Qd5+ Kh8 27. Qh5+ Kg8 28. Qd5+ Kh8 29. Qh5+ Kg8 30. Qd5+) 26. Qh5 (26. Nc5 $1 $16 {[%mdl 512] Intending Re7 and mate.} bxc5 (26... Qxc5 27. Re7) 27. Re7) 26... fxe4 {The position is equal.} 27. Qd5+ {[%mdl 64] Double Attack} Kh8 28. Qh5+ Kg8 {Accuracy: White = 24%, Black = 43%.} 1/2-1/2

[Event "Prague Festival Open 2019"]
[Site "Prague"]
[Date "2019.03.11"]
[Round "4.6"]
[White "Sedlak, Nikola"]
[Black "Sokolov, Alexander"]
[Result "0-1"]
[WhiteElo "2605"]
[BlackElo "2393"]
[Annotator "TA"]
[PlyCount "78"]
[EventDate "2019.02.28"]
[EventType "tourn"]
[EventCountry "CZE"]
[SourceTitle "playchess.com"]
[Source "ChessBase"]
[SourceQuality "1"]

{[%evp 18,78,48,46,45,34,30,33,43,41,47,44,64,66,60,65,76,78,76,76,78,62,67,64,62,50,74,66,71,66,86,93,83,97,100,82,114,116,115,95,100,24,133,101,90,93,96,93,58,0,0,0,0,-4,-6,-496,-445,-5414,-5413,-1909,-5321,-5197,-5181]} 1. Nf3 Nf6 2. g3 g6 3. b3 Bg7 4. Bb2 O-O 5. Bg2 d6 6. d4 c5 7. c4 cxd4 8. Nxd4 Qc7 9. O-O Nc6 10. Nc3 Bd7 {E65: King's Indian: Fianchetto: 6...c5 7 0-0 without d5 by White} 11. Rc1 Nxd4 (11... Qa5 12. Nd5 Nxd5 13. cxd5 Nxd4 14. Bxd4 Rfc8 15. Bxg7 Kxg7 16. Qd4+ f6 17. a4 b5 18. axb5 Qxb5 {1-0 (34) Huebner,R (2574)-Kovalenko,I (2684) Puhajarve 2016}) 12. Qxd4 Bc6 {White is slightly better.} 13. e4 Qb6 14. Qd2 a5 15. Nd5 Bxd5 $146 ({Predecessor:} 15... Nxd5 16. exd5 Bxb2 17. Qxb2 Bd7 18. Rfe1 Rae8 19. h4 f6 20. Kh2 {1-0 (44) Barros Rivadeneira,C (2116)-Martinez Alcantara,J (1995) Bogota 2011}) 16. exd5 Nd7 17. Bxg7 Kxg7 18. Rfe1 Rfe8 19. Re4 Nf6 20. Rh4 h5 21. Bf3 Rh8 22. Qb2 Rae8 23. Re1 Qc7 24. Rhe4 Kg8 25. R4e3 h4 {[#]} 26. g4 $1 h3 27. Bd1 Rh4 28. Rg3 b5 29. g5 (29. cxb5 $16 Qb6 30. a4) 29... Ne4 (29... Nd7 $11 {remains equal.}) 30. Rg4 Rxg4+ 31. Bxg4 Nxg5 32. Qd2 f6 33. f4 (33. cxb5 $14 e5 34. Rc1) 33... f5 $11 34. fxg5 fxg4 {KQR-KQR} 35. Re6 Qc5+ 36. Kh1 $2 {[%mdl 8192]} (36. Qf2 $1 $11 {and White has nothing to worry.} bxc4 37. bxc4) 36... Rf8 $19 {[%cal Rf8f1] Black is clearly winning.} 37. Qd3 {[#]} (37. Rxg6+ $142 Kf7 38. Re6 bxc4 39. bxc4 Qxc4 40. Kg1) 37... Rf2 $1 {[%cal Rf2h2]} 38. Re3 Kf7 {( -> ...bxc4)} 39. Rg3 bxc4 {Accuracy: White = 50%, Black = 62%.} 0-1

[Event "Prague Festival Open 2019"]
[Site "Prague"]
[Date "2019.03.12"]
[Round "5"]
[White "Zubov, Alexander"]
[Black "Nguyen, Piotr"]
[Result "1-0"]
[WhiteElo "2605"]
[BlackElo "2419"]
[Annotator "TA"]
[PlyCount "69"]
[EventDate "2019.02.28"]
[EventType "tourn"]
[EventCountry "CZE"]
[SourceTitle "playchess.com"]
[Source "ChessBase"]
[SourceQuality "1"]

{[%evp 18,69,44,32,43,10,31,33,127,98,119,66,84,53,52,46,46,34,31,45,37,53,54,66,83,77,108,103,107,97,115,114,326,263,265,260,398,475,467,453,475,452,485,478,652,650,626,619,740,737,736,727,715,706]} 1. d4 g6 2. e4 Bg7 3. Nf3 d6 4. Bc4 Nf6 5. Qe2 O-O 6. e5 dxe5 7. dxe5 Nd5 8. h3 Nb6 9. Bb3 c5 10. O-O Nc6 {B04: Alekhine's Defence: 4 Nf3} 11. c3 (11. e6 Bxe6 12. Bxe6 fxe6 13. Qxe6+ Kh8 14. c3 Qd5 15. Qxd5 Nxd5 16. Nbd2 Nf4 17. Ne4 Nd3 18. Rb1 {½-½ (96) Short,N (2678)-Adhiban,B (2655) Riadh 2017}) 11... c4 12. Bc2 f6 $146 (12... Be6 $14) ({Predecessor:} 12... Qc7 13. Bf4 e6 14. Na3 Ne7 15. Nb5 Qc5 16. Nd6 Ned5 17. Bg3 Rb8 18. Nd2 {1-0 (49) Dianov,A (2179)-Sosnin,M (2030) Krasnoyarsk 2012}) 13. Na3 Qd5 {[%cal Rc6e5]} 14. Bf4 ({White should play} 14. exf6 $16 exf6 15. Be3) 14... Nxe5 $14 15. Bxe5 fxe5 16. Rae1 {[%cal Rf3e5]} Bf5 $1 {[%cal Rf5d3] White should prevent ...Bd3.} 17. Nxe5 Rac8 18. Bxf5 Rxf5 19. Ng4 $36 {[%mdl 2048] Ne3 is the strong threat. White is pushing.} Rf7 20. Rd1 Qc6 21. Nc2 Nd5 {aiming for ...Nf4.} 22. g3 h5 23. Ne5 Qe6 24. Rfe1 Rf5 $2 (24... Qxe5 $16 {was necessary.} 25. Qxe5 Bxe5) 25. Nd4 Qxe5 26. Qd2 {[#]} Rd8 (26... Rxf2 $142 $1 {[%mdl 512]} 27. Kxf2 (27. Qxf2 Qd6 $18) 27... Qf6+ 28. Kg1 e5) 27. Rxe5 $18 Rxe5 {White is clearly winning.} 28. Nf3 Re6 29. Qg5 Red6 30. Nh4 Kf7 {[#]} 31. Rxd5 $1 {[%mdl 576] Deflection} Rxd5 32. Qxg6+ Kf8 33. Nf5 Rxf5 34. Qxf5+ Bf6 35. Qxh5 {Accuracy: White = 82%, Black = 41%.} 1-0